Computer applications for real estate : Edward C Culbertson

Bibliographic Details
Main Author: Culbertson, Edward C. (Author)
Format: Book
Language:English
Published: Australia : Thompson South-Western 2005
Subjects:

MARC

LEADER 00000cam a2200000 7i4500
001 0000016362
005 20241028.0
008 060327 at a eng
020 |a 0324191480 
040 |a INS   |b eng   |e rda 
090 0 0 |a HD1380   |b .C85 2005 
100 1 |a Culbertson, Edward C. ,   |e author 
245 1 0 |a Computer applications for real estate :   |b Edward C Culbertson 
264 1 |a Australia :   |b Thompson South-Western   |c 2005 
300 |a xix, 440 pages :   |b illustrations ;   |c 28 cm. 
336 |a text  |2 rdacontent 
337 |a unmediated  |2 rdamedia 
338 |a volume  |2 rdacarrier 
500 |a Includes index 
650 0 |a Real estate business   |x Computer network resources 
650 0 |a Real estate business   |x Data processing 
999 |a 0000016557   |b BOOK   |c Open Shelf   |e Default branch